[Event "TUR-chT 1st League"]
[Site "Konya"]
[Date "2022.08.26"]
[Round "7.2"]
[White "Mamedov, Rauf"]
[Black "Eminov, Orkhan"]
[Result "1-0"]
[WhiteElo "2656"]
[BlackElo "2327"]
[PlyCount "57"]
[EventDate "2022.08.22"]
[EventType "team-swiss"]
[EventRounds "9"]
[EventCountry "TUR"]
[SourceTitle "CBM 209 Extra"]
[Source "ChessBase"]
[SourceDate "2022.09.30"]
[SourceVersion "1"]
[SourceVersionDate "2022.09.30"]
[SourceQuality "1"]
[WhiteTeam "Apaydin Dernegi"]
[BlackTeam "Genc Akademisyenler"]
[WhiteTeamCountry "TUR"]
[BlackTeamCountry "TUR"]

1. e4 c5 2. Nf3 Nc6 3. Bb5 g6 4. c3 Bg7 5. d4 cxd4 6. cxd4 Nf6 7. Nc3 d5 8. Ne5 0-0 9. Nxc6 bxc6 10. Bxc6 Rb8 11. e5 Ne4 12. 0-0 Nxc3 13. bxc3 Ba6 14. Re1 Qa5 15. Bg5 e6 16. Be7 Rfc8 17. Bb4 Rxb4 18. cxb4 Qxb4 19. Rb1 Qe7 20. Bb5 Bxb5 21. Rxb5 Bh6 22. Qf3 Qd7 23. Qb3 Qc7 24. Rc5 Qd7 25. Rxc8+ Qxc8 26. g3 Bf8 27. Re3 a5 28. Rc3 Qa6 29. Rc7 1-0

[Event "TUR-chT 1st League"]
[Site "Konya"]
[Date "2022.08.22"]
[Round "1.2"]
[White "Demchenko, Anton"]
[Black "Eminov, Orkhan"]
[Result "1-0"]
[WhiteElo "2640"]
[BlackElo "2327"]
[PlyCount "137"]
[EventDate "2022.08.22"]
[EventType "team-swiss"]
[EventRounds "9"]
[EventCountry "TUR"]
[SourceTitle "CBM 209 Extra"]
[Source "ChessBase"]
[SourceDate "2022.09.30"]
[SourceVersion "1"]
[SourceVersionDate "2022.09.30"]
[SourceQuality "1"]
[WhiteTeam "Hukukcu Fenerbahceliler"]
[BlackTeam "Genc Akademisyenler"]
[WhiteTeamCountry "TUR"]
[BlackTeamCountry "TUR"]

1. e4 c5 2. Nf3 g6 3. Bc4 Bg7 4. c3 d6 5. d4 cxd4 6. cxd4 Nf6 7. Nc3 0-0 8. Bb3 Bg4 9. h3 Bxf3 10. Qxf3 Nc6 11. Be3 e5 12. Rd1 exd4 13. Bxd4 Nxd4 14. Rxd4 d5 15. Nxd5 Nd7 16. Rd1 a5 17. 0-0 a4 18. Bc4 Ne5 19. Qe2 Nxc4 20. Qxc4 Qa5 21. b4 axb3 22. axb3 Kh8 23. Rfe1 Rfc8 24. Qd3 Qc5 25. b4 Qd6 26. Qe3 Rd8 27. h4 Qe5 28. f4 Qb2 29. Re2 Qa3 30. Rd3 Qa1+ 31. Kh2 h5 32. Re1 Qb2 33. Rd2 Qa3 34. Qxa3 Rxa3 35. Rc1 Re3 36. e5 Re4 37. Rcd1 b5 38. Kg3 Ra8 39. Kf3 Rc4 40. Rd3 Ra2 41. R1d2 Ra1 42. Rd4 Ra3+ 43. Ke4 Rc1 44. Rd1 Rc2 45. Ne3 Re2 46. R1d3 Ra4 47. Kf3 Rb2 48. Rd8+ Kh7 49. Nd5 Raa2 50. g3 Rc2 51. Rb8 Rf2+ 52. Ke4 Rac2 53. Rxb5 Rc4+ 54. Ke3 Rcc2 55. Rb8 Rg2 56. Kd4 Rg1 57. b5 Rgc1 58. b6 Rc4+ 59. Ke3 Rb1 60. Nc3 Rg1 61. Kf3 Rc1 62. Ne4 Rf1+ 63. Kg2 Rb1 64. Ng5+ Kh6 65. Nxf7+ Kh7 66. Ng5+ Kh6 67. Rd2 Rcb4 68. Rbd8 Rxb6 69. R8d6 1-0

[Event "Cesme op-A 7th"]
[Site "Cesme"]
[Date "2019.06.27"]
[Round "6"]
[White "Ozenir, Ekin Baris"]
[Black "Eminov, Orkhan"]
[Result "1/2-1/2"]
[WhiteElo "2250"]
[BlackElo "2314"]
[PlyCount "96"]
[EventDate "2019.06.24"]
[EventType "swiss"]
[EventRounds "9"]
[EventCountry "TUR"]
[SourceTitle "CBM 191 Extra"]
[Source "ChessBase"]
[SourceDate "2019.09.30"]
[SourceVersion "1"]
[SourceVersionDate "2019.09.30"]
[SourceQuality "1"]

1. d4 Nf6 2. c4 g6 3. Nc3 Bg7 4. e4 d6 5. Be2 0-0 6. Nf3 Bg4 7. Be3 Nfd7 8. Ng1 Bxe2 9. Ngxe2 c5 10. 0-0 cxd4 11. Bxd4 Ne5 12. f4 Ng4 13. Bxg7 Kxg7 14. Nd5 e6 15. Qd4+ Kg8 16. Ne3 Nc6 17. Qd2 Qb6 18. Rf3 d5 19. cxd5 exd5 20. e5 Rfd8 21. Kh1 Nxe3 22. Rxe3 d4 23. Rd3 Nb4 24. Rxd4 Rxd4 25. Qxd4 Qxd4 26. Nxd4 Rd8 27. Nf3 Nd3 28. g3 Nxb2 29. Kg2 Rd1 30. Rxd1 Nxd1 31. Nd4 Nc3 32. a3 Nb1 33. a4 b6 34. Nb5 a6 35. Nc7 Nc3 36. Nxa6 Nxa4 37. Kf3 Nc3 38. Nb4 h5 39. h3 Kf8 40. g4 h4 41. f5 g5 42. Ke3 b5 43. Nd3 Ke7 44. Kd4 b4 45. Kc4 Ne2 46. Kxb4 Ng1 47. Nf2 Nf3 48. Nd3 Ng1 1/2-1/2

[Event "Cesme op-A 7th"]
[Site "Cesme"]
[Date "2019.06.26"]
[Round "5"]
[White "Eminov, Orkhan"]
[Black "Aydincelebi, Kagan"]
[Result "1-0"]
[WhiteElo "2314"]
[BlackElo "2258"]
[PlyCount "63"]
[EventDate "2019.06.24"]
[EventType "swiss"]
[EventRounds "9"]
[EventCountry "TUR"]
[SourceTitle "CBM 191 Extra"]
[Source "ChessBase"]
[SourceDate "2019.09.30"]
[SourceVersion "1"]
[SourceVersionDate "2019.09.30"]
[SourceQuality "1"]

1. e4 c5 2. Nf3 Nc6 3. d4 cxd4 4. Nxd4 Nf6 5. Nc3 d6 6. Bc4 Qb6 7. Nb3 e6 8. Be3 Qc7 9. f4 a6 10. Bd3 b5 11. a3 Be7 12. 0-0 Bb7 13. Qf3 0-0 14. Qg3 Rac8 15. Kh1 Rfd8 16. f5 exf5 17. Rxf5 Ne5 18. Raf1 Ng6 19. Nd5 Nxd5 20. exd5 Bf6 21. Rxf6 gxf6 22. h4 Kh8 23. Rxf6 Rg8 24. Rxd6 f6 25. Bb6 Qf7 26. Rxf6 Qxf6 27. Bd4 Ne5 28. Qxe5 Qxe5 29. Bxe5+ Rg7 30. d6 Rd8 31. Nd4 Bc8 32. Bf5 1-0

[Event "Marmaris Karya 7th"]
[Site "Marmaris"]
[Date "2019.05.27"]
[Round "5.1"]
[White "Eminov, Orkhan"]
[Black "Darban Vaighani, Morteza"]
[Result "1/2-1/2"]
[WhiteElo "2353"]
[BlackElo "2285"]
[PlyCount "107"]
[EventDate "2019.05.25"]
[EventType "schev"]
[EventRounds "10"]
[EventCountry "TUR"]
[SourceTitle "CBM 190 Extra"]
[Source "ChessBase"]
[SourceDate "2019.07.15"]
[SourceVersion "1"]
[SourceVersionDate "2019.07.15"]
[SourceQuality "1"]
[WhiteTeam "Yellow Team"]
[BlackTeam "Blue Team"]
[WhiteTeamCountry "TUR"]
[BlackTeamCountry "TUR"]

1. e4 d5 2. exd5 Nf6 3. Nc3 Nxd5 4. g3 Nxc3 5. bxc3 g6 6. Bg2 Bg7 7. Rb1 c6 8. Ne2 Nd7 9. 0-0 0-0 10. d3 Qa5 11. a3 Qh5 12. c4 Rd8 13. Nf4 Qxd1 14. Rxd1 e5 15. Ne2 Nc5 16. Bg5 f6 17. Be3 Bf8 18. h3 Be6 19. Bxc5 Bxc5 20. Rxb7 Bxc4 21. Rc7 Bb5 22. Bxc6 Bxc6 23. Rxc6 Bxa3 24. Ra1 Bf8 25. Raa6 Rdc8 26. Rxc8 Rxc8 27. c3 Rd8 28. d4 exd4 29. cxd4 Rd7 30. Kg2 Be7 31. Kf3 Bd8 32. Ke4 Bb6 33. f4 f5+ 34. Kd3 Kf7 35. Ra4 Ke6 36. g4 Rf7 37. Rc4 Rc7 38. Rb4 fxg4 39. hxg4 h5 40. gxh5 gxh5 41. Rb5 Rh7 42. Ng3 h4 43. Ne4 Rh6 44. Ng5+ Kf6 45. Rd5 Ke7 46. Re5+ Kd7 47. Nh3 Rd6 48. d5 Rg6 49. Ng5 Bc7 50. Rf5 Bxf4 51. Rxf4 Rxg5 52. Rxh4 Rxd5+ 53. Rd4 Rxd4+ 54. Kxd4 1/2-1/2

[Event "Marmaris Karya 7th"]
[Site "Marmaris"]
[Date "2019.05.27"]
[Round "6.1"]
[White "Mgeladze, Tamaz"]
[Black "Eminov, Orkhan"]
[Result "1-0"]
[WhiteElo "2396"]
[BlackElo "2353"]
[PlyCount "69"]
[EventDate "2019.05.25"]
[EventType "schev"]
[EventRounds "10"]
[EventCountry "TUR"]
[SourceTitle "CBM 190 Extra"]
[Source "ChessBase"]
[SourceDate "2019.07.15"]
[SourceVersion "1"]
[SourceVersionDate "2019.07.15"]
[SourceQuality "1"]
[WhiteTeam "Blue Team"]
[BlackTeam "Yellow Team"]
[WhiteTeamCountry "TUR"]
[BlackTeamCountry "TUR"]

1. c4 e5 2. g3 Nf6 3. Bg2 Nc6 4. Nc3 g6 5. Nf3 Bg7 6. 0-0 d6 7. d3 0-0 8. Rb1 a5 9. a3 h6 10. b4 axb4 11. axb4 Be6 12. b5 Ne7 13. Bb2 Qd7 14. d4 e4 15. Nd2 e3 16. fxe3 Bh3 17. Nde4 Nxe4 18. Nxe4 d5 19. Bxh3 Qxh3 20. cxd5 Nxd5 21. Rf3 Rfe8 22. Nf2 Qd7 23. e4 Nb6 24. Qb3 Na4 25. e3 Nxb2 26. Rxb2 Ra1+ 27. Kg2 Rea8 28. Rc2 R8a4 29. Qd5 Qe7 30. Qxb7 Ra7 31. Qd5 R7a5 32. Qc5 Qd7 33. Qxc7 Qxb5 34. Qxf7+ Kh7 35. Ng4 1-0

[Event "Marmaris Karya 7th"]
[Site "Marmaris"]
[Date "2019.05.25"]
[Round "7.1"]
[White "Eminov, Orkhan"]
[Black "Sibashvili, Giorgi"]
[Result "0-1"]
[WhiteElo "2353"]
[BlackElo "2381"]
[PlyCount "74"]
[EventDate "2019.05.25"]
[EventType "schev"]
[EventRounds "10"]
[EventCountry "TUR"]
[SourceTitle "CBM 190 Extra"]
[Source "ChessBase"]
[SourceDate "2019.07.15"]
[SourceVersion "1"]
[SourceVersionDate "2019.07.15"]
[SourceQuality "1"]
[WhiteTeam "Yellow Team"]
[BlackTeam "Blue Team"]
[WhiteTeamCountry "TUR"]
[BlackTeamCountry "TUR"]

1. e4 e6 2. d4 d5 3. Nc3 Bb4 4. Nge2 Nf6 5. e5 Nfd7 6. a3 Be7 7. f4 c5 8. Be3 Nc6 9. Qd2 b6 10. 0-0-0 0-0 11. g4 Ba6 12. Kb1 Rc8 13. Bg2 Na5 14. Qe1 Nc4 15. Bc1 b5 16. f5 b4 17. fxe6 bxc3 18. exd7 cxb2 19. dxc8N bxc1Q+ 20. Nxc1 Qxc8 21. Rd3 cxd4 22. Bxd5 Nxa3+ 23. Rxa3 Bxa3 24. e6 Bc4 25. exf7+ Kh8 26. Bxc4 Qxc4 27. Qe5 Qxf7 28. Rd1 Be7 29. Nb3 Bf6 30. Qc5 h6 31. Rf1 d3 32. h4 Rb8 33. Ka2 a5 34. Rf4 a4 35. Rxa4 d2 36. Rd4 Ra8+ 37. Kb1 Bxd4 0-1

[Event "Marmaris Karya 7th"]
[Site "Marmaris"]
[Date "2019.05.25"]
[Round "2.1"]
[White "Sibashvili, Giorgi"]
[Black "Eminov, Orkhan"]
[Result "1-0"]
[WhiteElo "2381"]
[BlackElo "2353"]
[PlyCount "55"]
[EventDate "2019.05.25"]
[EventType "schev"]
[EventRounds "10"]
[EventCountry "TUR"]
[SourceTitle "CBM 190 Extra"]
[Source "ChessBase"]
[SourceDate "2019.07.15"]
[SourceVersion "1"]
[SourceVersionDate "2019.07.15"]
[SourceQuality "1"]
[WhiteTeam "Blue Team"]
[BlackTeam "Yellow Team"]
[WhiteTeamCountry "TUR"]
[BlackTeamCountry "TUR"]

1. d4 Nf6 2. c4 g6 3. Nc3 Bg7 4. e4 d6 5. Be2 0-0 6. Bg5 h6 7. Be3 e5 8. d5 c6 9. g4 b5 10. cxb5 cxb5 11. a3 Nbd7 12. Bxb5 Rb8 13. f3 a6 14. Bc6 Nb6 15. Qd3 Bxg4 16. fxg4 Nxg4 17. Bd2 Nc4 18. Qxc4 Qh4+ 19. Kd1 Nf2+ 20. Kc2 Nxh1 21. Nf3 Qh5 22. Qe2 f5 23. Rxh1 fxe4 24. Ng1 Qh4 25. Qxe4 Qf2 26. Nge2 g5 27. Be3 Qf7 28. h4 1-0

[Event "Marmaris Karya 3rd"]
[Site "Marmaris"]
[Date "2018.10.30"]
[Round "9.1"]
[White "Eminov, Orkhan"]
[Black "Rzayev, Bahruz Iqbal Oglu"]
[Result "1-0"]
[WhiteElo "2343"]
[BlackElo "2381"]
[PlyCount "63"]
[EventDate "2018.10.26"]
[EventType "schev"]
[EventRounds "10"]
[EventCountry "TUR"]
[SourceTitle "CBM 187 Extra"]
[Source "ChessBase"]
[SourceDate "2018.11.04"]
[SourceVersion "1"]
[SourceVersionDate "2018.11.04"]
[SourceQuality "1"]

1. e4 e5 2. Nf3 Nc6 3. d4 exd4 4. Bc4 Nf6 5. e5 d5 6. Bb5 Ne4 7. Nxd4 Bc5 8. 0-0 0-0 9. Bxc6 bxc6 10. f3 Ng5 11. Be3 Bxd4 12. Qxd4 Ba6 13. Bxg5 Qxg5 14. Re1 Rfe8 15. f4 Qg6 16. c3 Bc8 17. Nd2 Bf5 18. Re3 a5 19. Rg3 Qe6 20. Re1 h5 21. Nf3 Qh6 22. Nh4 Bd7 23. f5 Kh8 24. e6 Qf6 25. Qd1 fxe6 26. Qxh5+ Qh6 27. Qxh6+ gxh6 28. f6 Rg8 29. Ng6+ Kh7 30. Ne5 Rad8 31. f7 Rxg3 32. Nxd7 1-0

[Event "Marmaris Karya 3rd"]
[Site "Marmaris"]
[Date "2018.10.30"]
[Round "10.1"]
[White "Gevorgyan, Maria"]
[Black "Eminov, Orkhan"]
[Result "1-0"]
[WhiteElo "2207"]
[BlackElo "2343"]
[PlyCount "91"]
[EventDate "2018.10.26"]
[EventType "schev"]
[EventRounds "10"]
[EventCountry "TUR"]
[SourceTitle "CBM 187 Extra"]
[Source "ChessBase"]
[SourceDate "2018.11.04"]
[SourceVersion "1"]
[SourceVersionDate "2018.11.04"]
[SourceQuality "1"]

1. e4 c5 2. Nf3 d6 3. d4 cxd4 4. Nxd4 Nf6 5. Nc3 g6 6. f3 Bg7 7. Be3 a6 8. Bc4 b5 9. Bb3 Bb7 10. Qd2 h5 11. h4 Nbd7 12. a4 bxa4 13. Nxa4 Rc8 14. Ne2 0-0 15. Nf4 Ne5 16. Nb6 Rb8 17. Nbd5 Bxd5 18. Nxd5 Nxd5 19. Qxd5 Rb5 20. Qd2 a5 21. Bd4 Qc7 22. Ra4 Nd7 23. Bc4 Rbb8 24. Qc3 Nc5 25. Bxg7 e5 26. Rxa5 Kxg7 27. b3 Ne6 28. Kd2 Nd4 29. Raa1 Rfc8 30. f4 Qc5 31. Rhf1 Rc7 32. Ra4 Qc6 33. Qe3 Rd8 34. c3 Nb5 35. Rb4 Na3 36. Bd5 Qa6 37. Qd3 Qc8 38. Ra4 Nb5 39. Qxb5 Rxc3 40. Rc4 Rxc4 41. Qxc4 Qg4 42. fxe5 dxe5 43. Rxf7+ Kh6 44. Qe2 Qxh4 45. Qe3+ g5 46. Qb6+ 1-0

[Event "Marmaris Karya 3rd"]
[Site "Marmaris"]
[Date "2018.10.26"]
[Round "1.1"]
[White "Eminov, Orkhan"]
[Black "Mammadov, Zaur Fazahir Oglu"]
[Result "1/2-1/2"]
[WhiteElo "2343"]
[BlackElo "2465"]
[PlyCount "29"]
[EventDate "2018.10.26"]
[EventType "schev"]
[EventRounds "10"]
[EventCountry "TUR"]
[SourceTitle "CBM 187 Extra"]
[Source "ChessBase"]
[SourceDate "2018.11.04"]
[SourceVersion "1"]
[SourceVersionDate "2018.11.04"]
[SourceQuality "1"]

1. e4 c6 2. Nf3 d5 3. exd5 cxd5 4. c4 Nf6 5. d4 Nc6 6. Nc3 Be6 7. Bg5 Ne4 8. Nxe4 dxe4 9. d5 exf3 10. dxe6 Qa5+ 11. Qd2 Qe5+ 12. Qe3 Qa5+ 13. Qd2 Qe5+ 14. Qe3 Qa5+ 15. Qd2 1/2-1/2

[Event "Ankara Baskent Univ op-A 3rd"]
[Site "Ankara"]
[Date "2018.08.29"]
[Round "5"]
[White "Eminov, Orkhan"]
[Black "Baylav, Can"]
[Result "1-0"]
[WhiteElo "2272"]
[BlackElo "2016"]
[PlyCount "117"]
[EventDate "2018.08.27"]
[EventType "swiss"]
[EventRounds "9"]
[EventCountry "TUR"]
[SourceTitle "CBM 187 Extra"]
[Source "ChessBase"]
[SourceDate "2018.11.04"]
[SourceVersion "1"]
[SourceVersionDate "2018.11.04"]
[SourceQuality "1"]

1. e4 c5 2. Nf3 d6 3. Bb5+ Nd7 4. d4 cxd4 5. Qxd4 a6 6. Bxd7+ Bxd7 7. Bg5 h6 8. Bh4 Rc8 9. Nc3 e5 10. Qd3 g5 11. Bg3 Nf6 12. Nd2 Qc7 13. h4 g4 14. Nf1 Be6 15. Ne3 b5 16. Ncd5 Nxd5 17. exd5 Bd7 18. c3 h5 19. 0-0 Bh6 20. Nf5 Bxf5 21. Qxf5 Qd7 22. Qf6 Rh7 23. Rae1 Bg7 24. Qg5 Kf8 25. Qe3 f5 26. f4 e4 27. Qb6 Ra8 28. Bf2 Bf6 29. Rd1 Qd8 30. Qc6 Rd7 31. g3 Be7 32. a4 Rc7 33. Qb6 Rc4 34. a5 Qc8 35. Rc1 Rb8 36. Qa7 Rc7 37. Qd4 Kf7 38. Qd2 Bf6 39. Rc2 b4 40. Bb6 Rc4 41. Qe2 bxc3 42. Rfc1 Kg6 43. bxc3 Rb7 44. Kg2 Re7 45. Rb1 Re8 46. Rb4 Rxc3 47. Rc4 Rxc2 48. Rxc2 Qd7 49. Qxa6 Qa4 50. Qc4 Qa3 51. Qc6 Qf3+ 52. Kh2 Re7 53. Qxd6 Qd1 54. Rg2 e3 55. Bd8 Rf7 56. Qe6 Qd3 57. Bxf6 Rxf6 58. Qg8+ Kh6 59. Qg5+ 1-0

[Event "Kesan op 16th"]
[Site "Kesan"]
[Date "2018.08.15"]
[Round "7"]
[White "Eminov, Orkhan"]
[Black "Mgeladze, Tamaz"]
[Result "0-1"]
[WhiteElo "2272"]
[BlackElo "2400"]
[PlyCount "123"]
[EventDate "2018.08.12"]
[EventType "swiss"]
[EventRounds "9"]
[EventCountry "TUR"]
[SourceTitle "CBM 186 Extra"]
[Source "ChessBase"]
[SourceDate "2018.08.24"]
[SourceVersion "1"]
[SourceVersionDate "2018.08.24"]
[SourceQuality "1"]

1. e4 c5 2. Nf3 Nc6 3. Bb5 d6 4. 0-0 Bd7 5. Re1 a6 6. Bf1 Bg4 7. h3 Bxf3 8. Qxf3 Nf6 9. c3 g6 10. d3 Bg7 11. Be3 0-0 12. Nd2 Nd7 13. Qd1 b5 14. a3 Qb6 15. Nf3 Nde5 16. Nd2 Nd7 17. Rc1 a5 18. a4 b4 19. d4 bxc3 20. bxc3 cxd4 21. cxd4 Nxd4 22. Bb5 Qd8 23. Bxd4 Bxd4 24. Nc4 Ba7 25. Qd2 Ne5 26. Ne3 Bxe3 27. Rxe3 Nd7 28. Rd3 Ra7 29. Re1 Qc7 30. Rc3 Qb7 31. Qc2 Qb6 32. Kh1 Qd4 33. Kg1 Nf6 34. Rc4 Qe5 35. Rd1 e6 36. Qd2 d5 37. exd5 Nxd5 38. Re1 Qd6 39. Rec1 Rd8 40. Rc8 Qf8 41. R8c4 Raa8 42. Qe1 Nb4 43. Qe2 Rac8 44. Qf3 Rxc4 45. Rxc4 Qd6 46. Rc1 Nd5 47. g3 Qe5 48. Rc4 Kg7 49. Kg2 h5 50. Bc6 Nb4 51. Rf4 Qc7 52. Bb5 Rd5 53. Rc4 Qe5 54. Be8 f6 55. Re4 Qf5 56. Qe3 Rd6 57. Qa7+ Kh6 58. Rf4 Qd5+ 59. Kh2 e5 60. Bf7 Rd7 61. Qb8 Qxf7 62. Rf3 0-1

[Event "Troya op 26th"]
[Site "Canakkale"]
[Date "2018.08.09"]
[Round "6"]
[White "Arat, Ufuk Sezen"]
[Black "Eminov, Orkhan"]
[Result "0-1"]
[WhiteElo "2386"]
[BlackElo "2272"]
[PlyCount "83"]
[EventDate "2018.08.06"]
[EventType "swiss"]
[EventRounds "9"]
[EventCountry "TUR"]
[SourceTitle "CBM 185 Extra"]
[Source "ChessBase"]
[SourceDate "2018.07.29"]
[SourceVersion "1"]
[SourceVersionDate "2018.07.29"]
[SourceQuality "1"]

1. d4 Nf6 2. Nf3 g6 3. c4 Bg7 4. g3 0-0 5. Bg2 d6 6. 0-0 Nc6 7. Nc3 a6 8. Qd3 Bf5 9. e4 Bg4 10. Be3 Nd7 11. h3 Bxf3 12. Bxf3 e5 13. d5 Nd4 14. Bg2 c5 15. dxc6 Nc5 16. Qd2 bxc6 17. f4 f5 18. exf5 gxf5 19. Ne2 Nxe2+ 20. Qxe2 e4 21. Bxc5 dxc5 22. Rad1 Bd4+ 23. Kh1 Qf6 24. g4 Kh8 25. g5 Qg7 26. b3 a5 27. h4 a4 28. Rb1 axb3 29. Rxb3 Qc7 30. Bh3 Rab8 31. Rxb8 Qxb8 32. h5 Qa7 33. Rb1 Qc7 34. Rf1 Qf7 35. Rb1 Qc7 36. Qh2 e3 37. h6 Qe7 38. Re1 Bc3 39. Re2 Qe6 40. Qg3 Bd4 41. Bg2 Qxc4 42. Rxe3 0-1

[Event "Troya op 26th"]
[Site "Canakkale"]
[Date "2018.08.08"]
[Round "5"]
[White "Eminov, Orkhan"]
[Black "Olcum, Ahmet"]
[Result "1-0"]
[WhiteElo "2272"]
[BlackElo "2274"]
[PlyCount "47"]
[EventDate "2018.08.06"]
[EventType "swiss"]
[EventRounds "9"]
[EventCountry "TUR"]
[SourceTitle "CBM 185 Extra"]
[Source "ChessBase"]
[SourceDate "2018.07.29"]
[SourceVersion "1"]
[SourceVersionDate "2018.07.29"]
[SourceQuality "1"]

1. e4 d6 2. d4 Nf6 3. Nc3 e5 4. Nge2 Be7 5. g3 c6 6. a4 Na6 7. Bg2 Nb4 8. h3 0-0 9. Be3 exd4 10. Nxd4 d5 11. e5 Nd7 12. e6 Nf6 13. exf7+ Rxf7 14. Nb3 Bf5 15. Rc1 c5 16. Nxc5 Bxc5 17. Bxc5 Nxc2+ 18. Rxc2 Bxc2 19. Qxc2 d4 20. Nb5 Rc8 21. Qf5 Qa5+ 22. Kf1 Re8 23. Bf3 Ne4 24. Qd5 1-0

[Event "Troya op 26th"]
[Site "Canakkale"]
[Date "2018.08.07"]
[Round "2"]
[White "Yildizak, Goksel"]
[Black "Eminov, Orkhan"]
[Result "0-1"]
[WhiteElo "1910"]
[BlackElo "2272"]
[PlyCount "114"]
[EventDate "2018.08.06"]
[EventType "swiss"]
[EventRounds "9"]
[EventCountry "TUR"]
[SourceTitle "CBM 185 Extra"]
[Source "ChessBase"]
[SourceDate "2018.07.29"]
[SourceVersion "1"]
[SourceVersionDate "2018.07.29"]
[SourceQuality "1"]

1. d4 Nf6 2. Nf3 g6 3. c4 Bg7 4. g3 0-0 5. Bg2 d6 6. 0-0 Nc6 7. b3 a6 8. Bb2 Rb8 9. d5 Na5 10. Nd4 Bd7 11. Qc1 c5 12. dxc6 Nxc6 13. Nxc6 Bxc6 14. Bxc6 bxc6 15. Nc3 Qd7 16. Kg2 d5 17. Na4 Qf5 18. cxd5 cxd5 19. Qe3 Rfe8 20. Qe5 Qg4 21. h3 Qb4 22. Rac1 Rbd8 23. Qc3 Qb5 24. Rfe1 d4 25. Qc5 Ne4 26. Qxb5 axb5 27. Nc5 Nc3 28. a3 Nd5 29. b4 Nb6 30. Ba1 Ra8 31. Red1 e5 32. Ne4 Nc4 33. Nd2 Nxd2 34. Rxd2 Bh6 35. e3 dxe3 36. Re2 exf2 37. Rc3 e4 38. Kxf2 Bg7 39. Rc1 Rxa3 40. Bxg7 Kxg7 41. Rc5 Rf3+ 42. Kg2 Rf5 43. Rxf5 gxf5 44. Rc2 Kf6 45. Rc5 Re5 46. Rc6+ Kg5 47. Rc7 Kg6 48. Rb7 h5 49. h4 Rd5 50. Rb6+ f6 51. Rb8 f4 52. gxf4 Kf5 53. Kg3 Rd3+ 54. Kf2 Kxf4 55. Rxb5 f5 56. Rb8 Rd2+ 57. Ke1 Rb2 0-1

[Event "TUR-chT 1st League"]
[Site "Konya"]
[Date "2018.07.22"]
[Round "9.3"]
[White "Firat, Burak"]
[Black "Eminov, Orkhan"]
[Result "0-1"]
[WhiteElo "2452"]
[BlackElo "2291"]
[PlyCount "62"]
[EventDate "2018.07.16"]
[EventType "team-swiss"]
[EventRounds "9"]
[EventCountry "TUR"]
[SourceTitle "EXT 2019"]
[Source "ChessBase"]
[SourceDate "2018.10.10"]
[SourceVersion "1"]
[SourceVersionDate "2018.10.10"]
[SourceQuality "1"]
[WhiteTeam "Tatvan Egitimi"]
[BlackTeam "Denizli Metin Surmeli"]
[WhiteTeamCountry "TUR"]
[BlackTeamCountry "TUR"]

1. e4 c5 2. Nf3 d6 3. d4 cxd4 4. Nxd4 Nf6 5. Nc3 g6 6. Be3 Bg7 7. f3 Nc6 8. Qd2 0-0 9. 0-0-0 d5 10. Qe1 e5 11. Nxc6 bxc6 12. exd5 Nxd5 13. Bc4 Be6 14. Kb1 a5 15. Ne4 Qc7 16. Bc5 Rfe8 17. g4 Nf4 18. Qc3 Nd5 19. Qa3 h6 20. Rhg1 Kh8 21. h4 Red8 22. g5 h5 23. Rd3 Rd7 24. Bd6 Qa7 25. Qc5 Qb7 26. Rgd1 a4 27. Qg1 Rxd6 28. Nxd6 Qb4 29. Bxd5 cxd5 30. Rxd5 a3 31. Rb5 Bxa2+ 0-1

[Event "TUR-chT 1st League"]
[Site "Konya"]
[Date "2018.07.21"]
[Round "8.1"]
[White "Dreev, Alexey"]
[Black "Eminov, Orkhan"]
[Result "1-0"]
[WhiteElo "2657"]
[BlackElo "2291"]
[PlyCount "111"]
[EventDate "2018.07.16"]
[EventType "team-swiss"]
[EventRounds "9"]
[EventCountry "TUR"]
[SourceTitle "EXT 2019"]
[Source "ChessBase"]
[SourceDate "2018.10.10"]
[SourceVersion "1"]
[SourceVersionDate "2018.10.10"]
[SourceQuality "1"]
[WhiteTeam "Ordu Buyuksehir Belediye"]
[BlackTeam "Denizli Metin Surmeli"]
[WhiteTeamCountry "TUR"]
[BlackTeamCountry "TUR"]

1. d4 Nf6 2. Nf3 g6 3. g3 Bg7 4. Bg2 d6 5. 0-0 0-0 6. b3 Nc6 7. Bb2 a6 8. c4 Rb8 9. Qc1 Bd7 10. Rd1 b5 11. d5 Na5 12. c5 dxc5 13. Qxc5 Nc4 14. Bd4 Ne4 15. Qb4 e5 16. Ba7 a5 17. Qe1 Ra8 18. bxc4 Rxa7 19. cxb5 Bxb5 20. Nfd2 Nxd2 21. Nxd2 e4 22. Rab1 Ba4 23. Nb3 Bxb3 24. Rxb3 a4 25. Rb5 f5 26. e3 Qd6 27. Bf1 Raa8 28. Rc1 Kh8 29. Qd1 a3 30. Rb7 Rac8 31. Rc6 Qe5 32. Qb3 Qb2 33. Rc2 Qxb3 34. Rxb3 Bb2 35. Ba6 Ra8 36. Bb7 Ra7 37. Rxc7 Rd8 38. Kg2 Be5 39. Re7 Bd6 40. Re6 Kg7 41. g4 Kf7 42. h3 Bf8 43. Rbb6 Rb8 44. Ba6 Rxb6 45. Rxb6 Rc7 46. gxf5 gxf5 47. d6 Rc2 48. d7 Rd2 49. Bc4+ Ke7 50. Be6 f4 51. exf4 e3 52. Bg4 Rxf2+ 53. Kg3 Rb2 54. Rd6 Kd8 55. Rc6 Ke7 56. Rc8 1-0

[Event "EU-ch 19th"]
[Site "Batumi"]
[Date "2018.03.27"]
[Round "10"]
[White "Danielian, Elina"]
[Black "Eminov, Orkhan"]
[Result "1-0"]
[WhiteElo "2413"]
[BlackElo "2295"]
[PlyCount "85"]
[EventDate "2018.03.17"]
[EventType "swiss"]
[EventRounds "11"]
[EventCountry "GEO"]
[SourceTitle "CBM 184"]
[Source "ChessBase"]
[SourceDate "2018.05.16"]
[SourceVersion "1"]
[SourceVersionDate "2018.05.16"]
[SourceQuality "1"]

1. d4 Nf6 2. Nf3 g6 3. Bg5 Bg7 4. Nbd2 c5 5. Bxf6 Bxf6 6. Ne4 Qb6 7. Nxf6+ Qxf6 8. c3 d6 9. e4 0-0 10. h3 Nc6 11. Be2 Qf4 12. Bd3 cxd4 13. cxd4 d5 14. Qd2 Qf6 15. e5 Qg7 16. 0-0 Bf5 17. Bxf5 gxf5 18. Rac1 Kh8 19. Kh2 Rg8 20. g3 e6 21. b4 a6 22. a4 Qg6 23. b5 axb5 24. axb5 Na5 25. Rc7 Nc4 26. Qf4 Ra2 27. Rxb7 Re2 28. Qh4 f4 29. Qxf4 Ne3 30. Kg1 Nf5 31. Nh4 Qh5 32. Nxf5 exf5 33. Kg2 Re4 34. Qf3 Qg6 35. Rc1 f4 36. Rc6 Qg5 37. g4 h5 38. Rbb6 hxg4 39. hxg4 Rxd4 40. Rh6+ Kg7 41. Rh5 Qe7 42. Qh3 Qc7 43. Rg5+ 1-0

[Event "EU-ch 19th"]
[Site "Batumi"]
[Date "2018.03.26"]
[Round "9"]
[White "Eminov, Orkhan"]
[Black "Babukhadia, Levan"]
[Result "1-0"]
[WhiteElo "2295"]
[BlackElo "1968"]
[PlyCount "47"]
[EventDate "2018.03.17"]
[EventType "swiss"]
[EventRounds "11"]
[EventCountry "GEO"]
[SourceTitle "CBM 184"]
[Source "ChessBase"]
[SourceDate "2018.05.16"]
[SourceVersion "1"]
[SourceVersionDate "2018.05.16"]
[SourceQuality "1"]

1. e4 c5 2. Nf3 d6 3. Bb5+ Bd7 4. Bxd7+ Qxd7 5. c4 Nf6 6. Nc3 Nc6 7. 0-0 g6 8. d4 cxd4 9. Nxd4 Nxd4 10. Qxd4 Bg7 11. Bg5 0-0 12. Rad1 h6 13. Bh4 Qg4 14. Bxf6 Bxf6 15. Qd3 Bg7 16. b3 Rac8 17. Nd5 Qd7 18. f4 e6 19. Ne3 Qc6 20. f5 Qc5 21. Kh1 Rfe8 22. Rf3 Kh7 23. Rdf1 exf5 24. exf5 1-0